000 00519nam a2200181Ia 4500
008 090630s9999 xx 000 0 und d
082 _b10209
100 _aपाटील वसुधा.
245 _aबसंती.
_cपाटील वसुधा.
260 _bसन.
_c1982
300 _a160
600 _aपाटील वसुधा.
630 _aबसंती.
655 _aलघुकथा.
700 _aपाटील वसुधा.
730 _aबसंती.
942 _cBOOK
999 _c262065
_d262065